Central Library OPAC University of Rajshahi

International tables for X-ray crystallography / (Record no. 72298)

MARC details
000 -LEADER
fixed length control field 00871nam a2200253 a 4500
001 - CONTROL NUMBER
control field 72298
003 - CONTROL NUMBER IDENTIFIER
rucl marc code BD-RjUL
005 - DATE AND TIME OF LATEST TRANSACTION
control field 20211209082237.0
008 - FIXED-LENGTH DATA ELEMENTS--GENERAL INFORMATION
fixed length control field 170516m19671962enka 001 0 eng
020 ## - INTERNATIONAL STANDARD BOOK NUMBER
International Standard Book Number 902771956X
035 ## - SYSTEM CONTROL NUMBER
System control number (BD-RjUL)72515
040 ## - CATALOGING SOURCE
Original cataloging agency DLC
Transcribing agency DLC
Modifying agency DLC
-- OCoLC
-- BD-RjUL
Language of cataloging eng
041 ## - LANGUAGE CODE
Language code of text/sound track or separate title eng
082 00 - DEWEY DECIMAL CLASSIFICATION NUMBER
Classification number 548.83
Edition number 23
Author mark and year INT 1967
245 10 - TITLE STATEMENT
Title International tables for X-ray crystallography /
Statement of responsibility, etc. Kathleen Lonsdale
260 ## - PUBLICATION, DISTRIBUTION, ETC. (IMPRINT)
Place of publication, distribution, etc. Birmingham : The Kynoch Press
Date of publication, distribution, etc. 1962-67
300 ## - PHYSICAL DESCRIPTION
Pagination v. :
Illustrations ill. ;
Size 28 cm.
505 1# - FORMATTED CONTENTS NOTE
Title Vol. 1 Symmetry groups -- -- v. 2. Mathematical tables V. 3 Physical and chemical tables
650 #0 - SUBJECT ADDED ENTRY--TOPICAL TERM
Topical term or geographic name as entry element X-ray crystallography
General subdivision Tables.
9 (RLIN) 213784
700 1# - ADDED ENTRY--PERSONAL NAME
Personal name Kasper, John S.
Personal name Lonsdale, Kathleen,
Dates associated with a name 1903-1971.
710 2# - ADDED ENTRY--CORPORATE NAME
Corporate name or jurisdiction name as entry element International Union of Crystallography.
9 (RLIN) 213787
942 ## - ADDED ENTRY ELEMENTS (KOHA)
Source of classification or shelving scheme Dewey Decimal Classification
Koha item type Books
Holdings
Lost status Source of classification or shelving scheme Damaged status Not for loan Collection code Permanent Location Current Location Shelving location Date acquired Source of acquisition Cost, normal purchase price Total Checkouts Full call number Date last seen Copy number Koha item type
  Dewey Decimal Classification   Not For Loan Non-fiction Central Library, University of Rajshahi Central Library, University of Rajshahi Reading Room 29/11/1967 Swits and Zeitliner 150.00   548.83 INT V-1 1962 16/05/2017 C-1 Books
  Dewey Decimal Classification   Not For Loan Non-fiction Central Library, University of Rajshahi Central Library, University of Rajshahi Reading Room 29/11/1967 Swits and Zeitliner 150.00   548.83 INT V-3 1962 16/05/2017 C-1 Books
  Dewey Decimal Classification   Not For Loan Non-fiction Central Library, University of Rajshahi Central Library, University of Rajshahi Reading Room 29/11/1967 Swits and Zeitliner 150.00   548.83 INT V-2 1967 16/05/2017 C-1 Books